logo

Bir Sreshtho Munshi Abdur Rouf Library
Jhenaidah Cadet College

সারা বছরের জুমুআর বয়ান / (Record no. 12293)

MARC details
000 -LEADER
fixed length control field 00659nam a2200205 a 4500
001 - CONTROL NUMBER
JCCL Control Number 12293
003 - CONTROL NUMBER IDENTIFIER
JCCL marc code BD-JhCC
005 - DATE AND TIME OF LATEST TRANSACTION
control field 20210925093002.0
008 - FIXED-LENGTH DATA ELEMENTS--GENERAL INFORMATION
fixed length control field 210925b20162019bg |||| ||a| 000 0 Ben d
035 ## - SYSTEM CONTROL NUMBER
system control number (BD-JhCC)12293
040 ## - CATALOGING SOURCE
Original cataloging agency BD-JhCC
Modifying agency BD-JhCC
041 ## - LANGUAGE CODE
Language code of Book Bengali
082 ## - DEWEY DECIMAL CLASSIFICATION NUMBER
Classification number 297.74
Author mark and Year KAS 2019
245 ## - TITLE STATEMENT
Title সারা বছরের জুমুআর বয়ান /
Statement of responsibility, etc সম্পা: মুফতী মীযানুর রহমান কাসেমী
260 ## - PUBLICATION, DISTRIBUTION, ETC. (IMPRINT)
Place of publication, distribution, etc ঢাকা:
Name of publisher, distributor, etc আশরাফিয়া;
Date of publication, distribution, etc ২০১৯.
300 ## - PHYSICAL DESCRIPTION
Pagination 400 p. :
Dimensions 22 cm.
650 ## - SUBJECT ADDED ENTRY--TOPICAL TERM
Topical term or geographic name as entry element Religious life-- Islam
942 ## - ADDED ENTRY ELEMENTS (KOHA)
Source of classification or shelving scheme Dewey Decimal Classification
Koha item type Books
Holdings
Source of classification or shelving scheme volume number Damaged status Not for loan Home library Current library Shelving location Date of accession Cost, normal purchase price Total Checkouts Full call number Barcode Checked out Date last seen Date checked out Copy number Koha item type
Dewey Decimal Classification V-1     JCC Rouf Library JCC Rouf Library General Stacks 10/12/2025 270.00 1 297.74 KAS 2019 16781 11/06/2025 10/12/2025 10/12/2025 C-1 Books
Dewey Decimal Classification V-2     JCC Rouf Library JCC Rouf Library General Stacks   270.00   297.74 KAS 2020 16782   09/25/2021   C-1 Books

JCC Library | Contacts | JCC Home

Last Update on 23 September 2017
Copyright @ 2017-2020 JCC Rouf Library
Rouf Library, Jhenidah Cadet College (JCC), Bangladesh